| 000 | 00642cam9a220021700 4500 | ||
|---|---|---|---|
| 001 | tmp15294737 | ||
| 003 | UPRA | ||
| 005 | 20190826202908.0 | ||
| 008 | 950728s1955 ie eng u | ||
| 035 | _a(Sirsi) r107203 | ||
| 035 | _a(UPRA)tmp15294737 | ||
| 040 | _cUPRA | ||
| 041 | 1 |
_aeng ger _heng ger |
|
| 100 | 1 |
_cFreiherr von. _6A64931.1 |
|
| 245 | 1 | 4 |
_aThe problem of onanism : _btr. from the German by Meyrick Booth. |
| 260 |
_aCork : _bMercier Press, _c1955. |
||
| 500 | _aTr. of Die Zelt der geschlechtlichen Reife. | ||
| 650 | 0 |
_aMasturbation. _6S2846.1 |
|
| 949 |
_aHQ447 _wlcc _i-152685 _mMAIN _tBOOK _lON-SHELF |
||
| 004 | 107203 | ||
| 999 |
_c171957 _d171957 |
||